LEADER 04872nam 2201129 a 450 001 9910786048103321 005 20231213002126.0 010 $a0-520-95530-7 024 7 $a10.1525/9780520955301 035 $a(CKB)2670000000325847 035 $a(EBL)1120970 035 $a(OCoLC)827207381 035 $a(SSID)ssj0000820229 035 $a(PQKBManifestationID)11430501 035 $a(PQKBTitleCode)TC0000820229 035 $a(PQKBWorkID)10862754 035 $a(PQKB)10722508 035 $a(StDuBDS)EDZ0001535525 035 $a(MiAaPQ)EBC1120970 035 $a(OCoLC)966762196 035 $a(MdBmJHUP)muse52232 035 $a(DE-B1597)520598 035 $a(OCoLC)828743568 035 $a(DE-B1597)9780520955301 035 $a(Au-PeEL)EBL1120970 035 $a(CaPaEBR)ebr10654375 035 $a(CaONFJC)MIL436405 035 $a(EXLCZ)992670000000325847 100 $a20121114d2013 uy 0 101 0 $aeng 135 $aur||#|||||||| 181 $ctxt 182 $cc 183 $acr 200 10$aPlane queer$b[electronic resource] $elabor, sexuality, and AIDS in the history of male flight attendants /$fPhil Tiemeyer 210 $aBerkeley $cUniversity of California Press$d2013 215 $a1 online resource (301 p.) 300 $aDescription based upon print version of record. 311 $a0-520-27477-6 311 $a0-520-27476-8 320 $aIncludes bibliographical references and index. 327 $aList of illustrations -- Acknowledgments -- Introduction -- The pre-World War II "gay" flight attendant -- The Cold War gender order -- "Homosexual panic" and the steward's demise -- Flight attendants and queer civil rights -- Flight attendants, women's liberation, and gay liberation -- Flight attendants and the origins of an epidemic -- The traynor legacy versus the "patient zero" myth -- Queer equality in the age of neoliberalism -- Conclusion -- Notes -- Bibliography -- Index. 330 $aIn this vibrant new history, Phil Tiemeyer details the history of men working as flight attendants. Beginning with the founding of the profession in the late 1920's and continuing into the post-September 11 era, Plane Queer examines the history of men who joined workplaces customarily identified as female-oriented. It examines the various hardships these men faced at work, paying particular attention to the conflation of gender-based, sexuality-based, and AIDS-based discrimination. Tiemeyer also examines how this heavily gay-identified group of workers created an important place for gay men to come out, garner acceptance from their fellow workers, fight homophobia and AIDS phobia, and advocate for LGBT civil rights. All the while, male flight attendants facilitated key breakthroughs in gender-based civil rights law, including an important expansion of the ways that Title VII of the 1964 Civil Rights Act would protect workers from sex discrimination. Throughout their history, men working as flight attendants helped evolve an industry often identified with American adventuring, technological innovation, and economic power into a queer space. 606 $aFlight attendants$zUnited States$xHistory 606 $aFlight attendants$xLabor unions$zUnited States 606 $aGay people$xEmployment$zUnited States 606 $aSexual orientation$zUnited States 606 $aCivil rights$zUnited States$xHistory 610 $a1964 civil rights act. 610 $a20th century. 610 $aaids phobia. 610 $aair transport. 610 $acareer. 610 $acivil rights. 610 $aengaging. 610 $aflight. 610 $aflying. 610 $agay men. 610 $agender studies. 610 $ahistorical. 610 $ahistory of lgbt. 610 $ahistory. 610 $ahiv aids. 610 $ahomophobia. 610 $ahomosexual panic. 610 $alabor. 610 $algbt business. 610 $algbt history. 610 $algbt interest. 610 $algbt. 610 $algbtqia. 610 $alively. 610 $amale flight attendants. 610 $apage turner. 610 $apilots. 610 $apolitical. 610 $aqueer books. 610 $aqueer studies. 610 $aqueer. 610 $asex and gender. 610 $asex and sexuality. 610 $asocial issues. 610 $asocial justice. 615 0$aFlight attendants$xHistory. 615 0$aFlight attendants$xLabor unions 615 0$aGay people$xEmployment 615 0$aSexual orientation 615 0$aCivil rights$xHistory. 676 $a331.7/61387742 700 $aTiemeyer$b Philip James$f1970-$01479313 801 0$bMiAaPQ 801 1$bMiAaPQ 801 2$bMiAaPQ 906 $aBOOK 912 $a9910786048103321 996 $aPlane queer$93695374 997 $aUNINA LEADER 02556nam 22006254a 450 001 9910784627603321 005 20230207224245.0 010 $a1-280-95308-X 010 $a9786610953080 010 $a1-84593-333-8 035 $a(CKB)1000000000395944 035 $a(EBL)301679 035 $a(OCoLC)216947174 035 $a(SSID)ssj0000163798 035 $a(PQKBManifestationID)11153297 035 $a(PQKBTitleCode)TC0000163798 035 $a(PQKBWorkID)10117439 035 $a(PQKB)11772969 035 $a(MiAaPQ)EBC301679 035 $a(Au-PeEL)EBL301679 035 $a(CaPaEBR)ebr10185871 035 $a(CaONFJC)MIL95308 035 $a(OCoLC)476080925 035 $a(EXLCZ)991000000000395944 100 $a20020621d2002 uy 0 101 0 $aeng 135 $aur|n|---||||| 181 $ctxt 182 $cc 183 $acr 200 00$aGlobalization and the developing countries$b[electronic resource] $eemerging strategies for rural development and poverty alleviation /$fEdited by David Bigman 210 $aWallingford, Oxon, UK ;$aNew York NY $cCABI Publishing in association with the International Service for National Agricultural Research$d2002 215 $a1 online resource (352 p.) 300 $aDescription based upon print version of record. 311 $a0-85199-575-6 320 $aIncludes bibliographical references and index. 327 $aGlob_26.pdf; Contents; List of Tables, Figures, and Boxes; Foreword xi 330 $aThe objective of this book is to review the impact of globalization on a number of issues. Key issues highlighted include: the high risk or producing traditional commodity crops for export; and the removal of many non-tariff trade barriers, which threaten the livelihoods of many farmers. 606 $aRural development$zDeveloping countries$vCase studies 606 $aAgriculture$xEconomic aspects$zDeveloping countries$vCase studies 606 $aAgricultural development projects$zDeveloping countries$vCase studies 607 $aDeveloping countries$xEconomic policy$vCase studies 607 $aDeveloping countries$xSocial policy$vCase studies 615 0$aRural development 615 0$aAgriculture$xEconomic aspects 615 0$aAgricultural development projects 676 $a307.1/412/091724 701 $aBigman$b David$0122518 801 0$bMiAaPQ 801 1$bMiAaPQ 801 2$bMiAaPQ 906 $aBOOK 912 $a9910784627603321 996 $aGlobalization and the developing countries$91205895 997 $aUNINA LEADER 02428nam 2200589 450 001 9910812195103321 005 20240122165541.0 010 $a0-19-930055-0 010 $a0-19-021307-8 035 $a(CKB)2670000000609733 035 $a(EBL)2033497 035 $a(SSID)ssj0001460540 035 $a(PQKBManifestationID)12613449 035 $a(PQKBTitleCode)TC0001460540 035 $a(PQKBWorkID)11467562 035 $a(PQKB)10793796 035 $a(MiAaPQ)EBC2033497 035 $a(StDuBDS)EDZ0001192921 035 $a(Au-PeEL)EBL2033497 035 $a(CaPaEBR)ebr11044596 035 $a(CaONFJC)MIL769460 035 $a(OCoLC)908511929 035 $a(EXLCZ)992670000000609733 100 $a20150430h20152015 uy 0 101 0 $aeng 135 $aur|n|---||||| 181 $ctxt 182 $cc 183 $acr 200 04$aThe bipolar book $ehistory, neurobiology, and treatment /$fedited by Aysegul Yildiz, Pedro Ruiz, and Charles B. Nemeroff 210 1$aNew York, New York :$cOxford University Press,$d2015. 210 4$dİ2015 215 $a1 online resource (710 p.) 300 $aDescription based upon print version of record. 311 $a0-19-930053-4 311 $a0-19-930054-2 320 $aIncludes bibliographical references at the end of each chapters and index. 327 $a32. Family-Focused Therapy, Interpersonal and Social Rhythm Therapy, and Dialectical Behavioral Therapy 330 $aAs a major mainstay of clinical focus and research today, bipolar disorder affects millions of individuals across the globe with its extreme and erratic shifts of mood, thinking and behavior. Edited by a team of experts in the field, The Bipolar Book: History, Neurobiology, and Treatment is a testament and guide to diagnosing and treating this exceedingly complex, highly prevalent disease. Featuring 45 chapters from an expert team of contributors from around the world, The Bipolar Book delves deep into the origins of the disorder and how it informs clinical practice today by focusing on such t 606 $aBipolar disorder 615 0$aBipolar disorder. 676 $a616.895 702 $aYildiz$b Aysegu?l 702 $aRuiz$b Pedro 702 $aNemeroff$b Charles B. 801 0$bMiAaPQ 801 1$bMiAaPQ 801 2$bMiAaPQ 906 $aBOOK 912 $a9910812195103321 996 $aThe bipolar book$94111052 997 $aUNINA